000 00472nam a2200181Ia 4500
005 20250326125049.0
008 250326s9999 xx 000 0 und d
037 _aTextbook
040 _aFMSL
_beng
_cFMSL
041 _aeng
_2eng
084 _aX:9 M8
_qFMSL
100 _aGupta R K
245 0 _aHuman resource accounting
_cGupta R K
260 _aNew Delhi
_bNew Delhi, Anmol
_c1988
300 _a244p
942 _cTB
_hX:9 M8
999 _c1276379
_d1276379